| 000 | 00653nam a22001697a 4500 | ||
|---|---|---|---|
| 003 | AUA.1 | ||
| 005 | 20260208103822.0 | ||
| 008 | 260208b |||||||| |||| 00| 0 eng d | ||
| 040 | _cJTL | ||
| 100 | _aZayzay, Amelia Joe | ||
| 245 |
_aAssessment of knowledge, perception and infrastructure as determinants of waste management practices among selected communities in Mosterrado County, Liberia / _cAmelia Joe Zayzay. |
||
| 260 | _cc2025. | ||
| 300 |
_aix, 111 leaves : _billustrations; _c30 cm. |
||
| 650 | _aRefuse and refuse disposal Salvage (Waste, etc.) | ||
| 651 | _aMonsterrado County, Liberia | ||
| 942 |
_2aua _cTHESIS _hMPH _i.Z39 2025 |
||
| 999 |
_c25306 _d25306 |
||